000 00415cam a22001337a 4500
008 180718b1959 xxu||||| |||| 00| 0 eng d
082 _aT19x54 D263
100 _aDas, M. N.
245 _aStudies in economic and social development of modern India, 1848-56
_cby M. N. Das
260 _aCalcutta
_bMukhopadhyay
_c1959
300 _a449p.
650 _aIndia - Social conditions
650 _aIndia - Economic conditions
999 _c363639
_d363639